000 00668nam a2200193Ii 4500
003 JO-AjNU
008 230605s9999||||xx |||||||||||||| ||und||
040 _aJO-AjNU
_bara
_erda
_cJO-AjNU
041 _aara
050 1 4 _aQC95.S5245
100 3 _aشريف ، ابراهيم ابراهيم,
_eauthor
_919430
245 0 0 _aالوحدات الدولية SI جداول التحويل -الثوابت الفيزيائيه
264 3 1 _aعمان:دار الراتب الجامعيه ، 1900
300 _a144ص
336 _atext
_btxt
_2rdacontent
337 _aunmediated
_bn
_2rdamedia
338 _avolume
_bnc
_2rdacarrier
650 4 _aفيزياء-مقايس
_919431
999 _aA6411
_c9979
_d9979